| 000 | 00416nam a2200157Ia 4500 | ||
|---|---|---|---|
| 008 | 210716s1983 xx 000 0 und d | ||
| 020 | _a201137879 | ||
| 041 | _aeng | ||
| 082 | _a004.02 MCGA | ||
| 100 | _aMcgettrick, Andrew D;Smith, Peter D. | ||
| 245 | _aGraded problems in computer science. | ||
| 250 | _a1 | ||
| 260 |
_aLondon _bAddison wesley Publishing Company _c1983 |
||
| 300 | _avi,314 | ||
| 650 | _aNone | ||
| 999 |
_c181149 _d181149 |
||